[Event "Druzynowe Mistrzostwa Polski Juniorow - II Liga"]
[Site "Iwonicz"]
[Date "2016-07-31"]
[Round "4.9"]
[White "Czernek, Tymon"]
[Black "Galuszka, Tomasz"]
[Result "1-0"]
[WhiteTitle "I"]
[BlackTitle "II+"]
[WhiteElo "1867"]
[BlackElo "1768"]

1. Nf3 d5 2. d4 Nf6 3. g3 Bf5 4. Bg2 e6 5. c4 c6 6. Nc3 Bd6 7. Bg5 Nbd7 8. O-O
h6 9. Bd2 O-O 10. Kh1 Ne4 11. Nxe4 Bxe4 12. Nh4 Nf6 13. Re1 Ng4 14. Kg1 Nxh2 15.
Bh3 h5 16. Ng2 Bxg2 17. Kxg2 Ng4 18. Bxg4 hxg4 19. Rh1 f5 20. Qb3 Qd7 21. Rh2
Be7 22. c5 Bf6 23. Qc3 b6 24. Rah1 Be7 25. b4 bxc5 26. bxc5 Kf7 27. Rh7 Bf6 28.
Bf4 Qd8 29. Bd6 Re8 30. Qe3 Bg5 31. Qb3 Qd7 32. f3 Be7 33. Be5 Bf6 34. Bxf6 Kxf6
35. Qe3 gxf3+ 36. exf3 Kf7 37. Rxg7+ Kxg7 38. Qg5+ Kf8 39. Qf6+ 1-0

[Event "Druzynowe Mistrzostwa Polski Juniorow - II Liga"]
[Site "Iwonicz"]
[Date "2016-07-31"]
[Round "4.10"]
[White "Gazik, Jakub"]
[Black "Baum, Jonasz"]
[Result "0-1"]
[WhiteTitle "II"]
[BlackTitle "I"]
[WhiteElo "1509"]
[BlackElo "1826"]

1. e4 c5 2. Nf3 d6 3. g3 Nc6 4. Bg2 g6 5. c3 Bg7 6. d4 cxd4 7. cxd4 Bg4 8. d5 Ne5
9. O-O Nf6 10. Nc3 O-O 11. Bf4 Nh5 12. Bxe5 Bxe5 13. h3 Bxf3 14. Bxf3 Nf6 15.
Bg2 Rc8 16. Ne2 Qb6 17. Rb1 Nd7 18. Kh2 Qa6 19. f4 Bg7 20. a3 Nb6 21. Ng1 Nc4
22. Qe2 Rc7 23. a4 Qa5 24. Nf3 Rfc8 25. b3 Na3 26. Rbd1 Qb4 27. Nd2 Rc2 28. Rf3
Rb2 29. e5 Rcc2 30. Rd3 Nb1 31. exd6 Nxd2 32. Qxe7 Nf1+ 33. Kh1 Rxg2 34. Qe8+
Bf8 35. d7 Qb6 36. Re3 Nxg3+ 37. Rxg3 Rh2# 0-1

[Event "Druzynowe Mistrzostwa Polski Juniorow - II Liga"]
[Site "Iwonicz"]
[Date "2016-07-31"]
[Round "4.11"]
[White "Reda, Patrycja"]
[Black "Kordela, Monika"]
[Result "0-1"]
[WhiteTitle "I"]
[BlackTitle "I"]
[WhiteElo "1417"]
[BlackElo "1783"]

1. d4 Nf6 2. Nf3 c5 3. c3 cxd4 4. cxd4 d5 5. Bg5 e6 6. Nbd2 Be7 7. e3 O-O 8. Bd3
b6 9. O-O Ba6 10. Qe2 Bxd3 11. Qxd3 Nbd7 12. Ne5 Nxe5 13. dxe5 Nd7 14. Bxe7 Qxe7
15. f4 Rac8 16. Rac1 Nc5 17. Qb1 f6 18. exf6 Qxf6 19. b4 Nd7 20. Nf3 h6 21. Qb3
b5 22. Nd4 a6 23. Rxc8 Rxc8 24. f5 Qe5 25. fxe6 Nf6 26. Re1 Ng4 27. Nf3 Qxe6 28.
e4 Qb6+ 0-1

[Event "Druzynowe Mistrzostwa Polski Juniorow - II Liga"]
[Site "Iwonicz"]
[Date "2016-07-31"]
[Round "4.12"]
[White "Adamczyk, Zuzanna"]
[Black "Tarka, Aleksandra"]
[Result "1-0"]
[WhiteTitle "I"]
[BlackTitle "I"]
[WhiteElo "1672"]
[BlackElo "1449"]

1. e4 c5 2. Nf3 d6 3. d4 cxd4 4. Nxd4 Nf6 5. Nc3 g6 6. Be3 Bg7 7. f3 O-O 8. Qd2
Nc6 9. O-O-O Nxd4 10. Bxd4 Be6 11. g4 Qa5 12. a3 Rfc8 13. h4 Rab8 14. Qg5 b5 15.
Nxb5 h6 16. Qe3 Rxb5 17. Bxb5 Qxb5 18. g5 hxg5 19. hxg5 Nh5 20. Bxg7 Kxg7 21.
f4 Qb3 22. Qd4+ Kg8 23. Rh2 Qg3 24. Rdh1 Qxf4+ 25. Kb1 Rc4 26. Qxa7 Qxe4 27. Qf2
Bf5 28. Rc1 Qf4 29. Qxf4 Rxf4 30. Rg2 f6 31. b3 fxg5 32. Rxg5 Kf7 33. a4 Kf6 34.
Rg2 g5 35. a5 Be4 36. Rgg1 g4 37. b4 g3 38. Kb2 Bc6 39. c4 Rf2+ 40. Rc2 Rxc2+
41. Kxc2 Ke5 42. b5 Ba8 43. a6 Nf6 44. Rxg3 Nd7 45. Rg8 Be4+ 46. Kc3 Nb6 47. Rb8
Nd7 48. a7 e6 49. a8=Q Bxa8 50. Rxa8 d5 51. cxd5 exd5 52. Re8+ Kd6 53. Rc8 Ne5
54. b6 Nc6 55. b7 d4+ 56. Kd3 1-0

[Event "Druzynowe Mistrzostwa Polski Juniorow - II Liga"]
[Site "Iwonicz"]
[Date "2016-07-31"]
[Round "4.13"]
[White "Golenia, Wojciech"]
[Black "Raczynski, Krzysztof"]
[Result "0-1"]
[WhiteTitle "I+"]
[BlackTitle "I++"]
[WhiteElo "1967"]
[BlackElo "2074"]

1. e4 d5 2. exd5 Nf6 3. c4 c6 4. d4 cxd5 5. Nc3 e6 6. Nf3 Nc6 7. Be2 Be7 8. O-O
O-O 9. Be3 dxc4 10. Bxc4 Nb4 11. Ne5 Nbd5 12. Re1 Qa5 13. Nxd5 Nxd5 14. a3 Bf6
15. Ng4 Be7 16. Ne5 Qb6 17. b3 Qd6 18. Bc1 b6 19. Bb2 Bb7 20. Qd2 Qd8 21. Nf3
Nf6 22. Qe2 Nd5 23. Qd2 Rc8 24. Rac1 Bd6 25. Ne5 Qe7 26. b4 Rfd8 27. Bb3 Qf6 28.
Rxc8 Rxc8 29. Nd3 Qh4 30. h3 Qf6 31. Rc1 Rxc1+ 32. Qxc1 h6 33. Qd2 Qg6 34. f3
Qg3 35. Kf1 Ba6 36. Ba4 Bf4 37. Qe2 Ne3+ 38. Kg1 Bxd3 39. Qd2 Qh2+ 40. Kf2 Qxg2+
41. Ke1 Qf1# 0-1

[Event "Druzynowe Mistrzostwa Polski Juniorow - II Liga"]
[Site "Iwonicz"]
[Date "2016-07-31"]
[Round "4.14"]
[White "Kaminski, Piotr"]
[Black "Golenia, Jan"]
[Result "1/2-1/2"]
[WhiteTitle "I"]
[BlackTitle "I"]
[WhiteElo "1902"]
[BlackElo "1860"]

1. e4 e5 2. Nf3 Nf6 3. Nxe5 d6 4. Nf3 Nxe4 5. Nc3 Nxc3 6. dxc3 Be7 7. Be3 Nc6 8.
Qd2 Bg4 9. Be2 Qd7 10. O-O-O O-O-O 11. h3 Bh5 12. g4 Bg6 13. Nd4 a6 14. h4 h6
15. Kb1 Ne5 16. h5 Bh7 17. Rhg1 Qa4 18. b3 Qa3 19. f4 Nd7 20. Bd3 Bxd3 21. Qxd3
Kb8 22. Nf5 Bf6 23. Bd4 Nc5 24. Qc4 Bxd4 25. cxd4 Ne4 26. d5 Nf6 27. Nxg7 Rdg8
28. Qc3 Ne4 29. Qd4 Qc5 30. Qxe4 Rxg7 31. Rg3 Rhg8 32. Rdg1 Qf2 33. R1g2 Qf1+
34. Kb2 Qh1 35. Qf5 Qd1 36. Qf6 Qxd5 37. Qxh6 f5 38. g5 Qd4+ 39. c3 Qxf4 40. Qf6
Qe5 41. Qxe5 dxe5 42. g6 f4 43. h6 fxg3 44. hxg7 Rxg7 45. Rxg3 Kc8 46. Kc2 Kd7
47. Kd3 Ke6 48. Ke4 Kf6 49. Rf3+ Ke6 50. Rg3 Kf6 51. Rf3+ Ke6 52. Rg3 1/2-1/2

[Event "Druzynowe Mistrzostwa Polski Juniorow - II Liga"]
[Site "Iwonicz"]
[Date "2016-07-31"]
[Round "4.15"]
[White "Gawor, Jan Pawel"]
[Black "Mietkiewicz, Jacek"]
[Result "1/2-1/2"]
[WhiteTitle "II"]
[BlackTitle "I"]
[WhiteElo "1647"]
[BlackElo "1687"]

1. e4 e6 2. d4 d5 3. Nc3 Nf6 4. e5 Nfd7 5. f4 c5 6. Nf3 Nc6 7. Be3 a6 8. Qd2 b5
9. dxc5 Nxc5 10. Qf2 Ne4 11. Nxe4 dxe4 12. Nd2 Bb7 13. Rd1 Qa5 14. a3 Rc8 15.
c3 Qa4 16. Be2 Ne7 17. O-O Nf5 18. Kh1 g6 19. Rc1 Be7 20. Bd1 Qa5 21. Bb6 e3 22.
Bxe3 Nxe3 23. Qxe3 Bc5 24. Qg3 Qb6 25. Bf3 O-O 26. Bxb7 Qxb7 27. Qf3 Qxf3 28.
Rxf3 Rfd8 29. Ne4 Be7 30. Rff1 Rd7 31. Rcd1 Rcd8 32. Rxd7 Rxd7 33. g3 Kf8 34.
Kg2 Ke8 35. Kf3 Kd8 36. Ke2 Kc7 37. Rd1 Rxd1 38. Kxd1 Kc6 39. Ke2 h6 40. Kd3 Bd8
1/2-1/2

[Event "Druzynowe Mistrzostwa Polski Juniorow - II Liga"]
[Site "Iwonicz"]
[Date "2016-07-31"]
[Round "4.16"]
[White "Lepski, Maksymilian"]
[Black "Krawczyk, Wojciech"]
[Result "1-0"]
[WhiteTitle "II"]
[BlackTitle "II+"]
[WhiteElo "1442"]
[BlackElo "1476"]

1. d4 Nf6 2. c4 g6 3. Nc3 Bg7 4. e4 d6 5. Nf3 O-O 6. Be2 Nbd7 7. O-O e5 8. Bg5
Re8 9. Qd2 c6 10. Rfd1 Qc7 11. d5 cxd5 12. cxd5 a6 13. Ne1 b5 14. Nd3 Bb7 15.
Rac1 Qa5 16. a3 Rac8 17. Be3 Qd8 18. Bg5 Rc7 19. f3 Qc8 20. Na2 Nb6 21. b3 Nfd7
22. Qa5 Qb8 23. Rxc7 Qxc7 24. Rc1 Qb8 25. Nab4 Rc8 26. Be3 Rxc1+ 27. Nxc1 Qc8
28. Nca2 Na8 29. Nd3 Qc7 30. Qxc7 Nxc7 31. Nab4 Bf8 32. Nc6 f6 33. Ndb4 Nc5 34.
Bd1 Kf7 35. Nd8+ Ke7 36. Nbc6+ Bxc6 37. Nxc6+ Kd7 38. Bc2 h5 39. b4 Nb7 40. a4
Nd8 41. axb5 axb5 42. Na7 1-0

[Event "Druzynowe Mistrzostwa Polski Juniorow - II Liga"]
[Site "Iwonicz"]
[Date "2016-07-31"]
[Round "4.17"]
[White "Debowska, Michalina"]
[Black "Szelag, Zuzanna"]
[Result "0-1"]
[WhiteTitle "II+"]
[BlackTitle "I++"]
[WhiteElo "1432"]
[BlackElo "1732"]

1. e4 c5 2. Nf3 Nc6 3. d4 cxd4 4. Nxd4 g6 5. Nc3 Bg7 6. Be3 Nf6 7. Be2 O-O 8. O-O
d6 9. Qd2 Bd7 10. Bf3 Ne5 11. Be2 Rc8 12. h3 a6 13. f3 Nc4 14. Bxc4 Rxc4 15. Nce2
b5 16. c3 Qb8 17. a3 Rd8 18. Rad1 Rcc8 19. Rfe1 d5 20. e5 Ne8 21. f4 Nc7 22. Nb3
Ne6 23. Ned4 Nxd4 24. Bxd4 Bf5 25. g4 Bd7 26. Nc5 a5 27. Qe3 Rc6 28. Qf2 Qc8 29.
Nxd7 Rxd7 30. Rd3 Rb7 31. f5 b4 32. axb4 axb4 33. cxb4 Rc2 34. Rd2 Rxd2 35. Qxd2
gxf5 36. g5 Rc7 37. Bc5 e6 38. h4 Bf8 39. Bd6 Rc2 40. Qd4 Rc4 41. Qb6 Rxh4 42.
Bxf8 Rg4+ 43. Kh1 Qc2 44. Rg1 Rh4# 0-1

[Event "Druzynowe Mistrzostwa Polski Juniorow - II Liga"]
[Site "Iwonicz"]
[Date "2016-07-31"]
[Round "4.18"]
[White "Furtak, Joanna"]
[Black "Budkiewicz, Magdalena"]
[Result "0-1"]
[WhiteTitle "I+"]
[BlackTitle "I"]
[WhiteElo "1686"]
[BlackElo "1651"]

1. e4 c5 2. Nf3 d6 3. d4 cxd4 4. Nxd4 Nf6 5. Nc3 a6 6. Bc4 e6 7. Bb3 Qc7 8. Be3
b5 9. O-O b4 10. Na4 Be7 11. f4 O-O 12. f5 e5 13. Ne2 Nbd7 14. Ng3 Bb7 15. Nh5
Bxe4 16. Nxf6+ Nxf6 17. g4 h6 18. h3 d5 19. Qd2 Kh7 20. Qh2 Nd7 21. Rad1 Nc5 22.
Nxc5 Bxc5 23. Bxc5 Qxc5+ 24. Qf2 Rac8 25. Qxc5 Rxc5 26. Rd2 Rfc8 27. Rff2 a5 28.
a4 bxa3 29. bxa3 f6 30. Rfe2 Rc3 31. Kh2 Bf3 32. Rf2 d4 33. Rf1 Re3 34. Rb1 Rcc3
35. Be6 Be4 36. Rb8 Rxh3+ 37. Kg1 Rcg3+ 0-1

[Event "Druzynowe Mistrzostwa Polski Juniorow - II Liga"]
[Site "Iwonicz"]
[Date "2016-07-31"]
[Round "4.19"]
[White "Leskiewicz, Ignacy"]
[Black "Gworys, Grzegorz"]
[Result "1-0"]
[WhiteTitle "I"]
[BlackTitle "II"]
[WhiteElo "1921"]
[BlackElo "1409"]

1. e4 c5 2. Nf3 d6 3. d4 cxd4 4. Nxd4 Nf6 5. Nc3 g6 6. Be3 Bg7 7. f3 O-O 8. Qd2
Nc6 9. O-O-O Nxd4 10. Bxd4 Be6 11. g4 a6 12. h4 Rc8 13. Nd5 Bxd5 14. exd5 Qc7
15. Rh2 b5 16. h5 h6 17. hxg6 fxg6 18. Bd3 g5 19. Rdh1 Kf7 20. Rxh6 Bxh6 21. Rxh6
Rg8 22. Bf5 Rcf8 23. Qe1 Qc4 24. Bxf6 1-0

[Event "Druzynowe Mistrzostwa Polski Juniorow - II Liga"]
[Site "Iwonicz"]
[Date "2016-07-31"]
[Round "4.20"]
[White "Kucharski, Daniel"]
[Black "Krol, Marcin"]
[Result "1-0"]
[WhiteTitle "II"]
[BlackTitle "I"]
[WhiteElo "1328"]
[BlackElo "1626"]

1. d4 d5 2. c4 e6 3. Nc3 Nf6 4. Bg5 c6 5. e3 Be7 6. Nf3 Nbd7 7. Bd3 O-O 8. O-O
dxc4 9. Bxc4 Qc7 10. Qc2 e5 11. Rad1 exd4 12. Nxd4 Ng4 13. Bf4 Bd6 14. Ne6 fxe6
15. Bxe6+ Kh8 16. Bxd6 Qb6 17. Bxg4 1-0

[Event "Druzynowe Mistrzostwa Polski Juniorow - II Liga"]
[Site "Iwonicz"]
[Date "2016-07-31"]
[Round "4.21"]
[White "Nowak, Mikolaj"]
[Black "Strugacz, Michal"]
[Result "1-0"]
[WhiteTitle "I++"]
[BlackTitle "III"]
[WhiteElo "2091"]
[BlackElo "1259"]

1. f4 d5 2. Nf3 c5 3. g3 Nc6 4. Bg2 Bg4 5. O-O Bxf3 6. Bxf3 e6 7. d3 Nf6 8. c3
Be7 9. Qc2 Qc7 10. e4 O-O 11. Be3 b6 12. Nd2 Rac8 13. h3 Nd7 14. exd5 exd5 15.
Bxd5 Rfe8 16. Rae1 Nf6 17. Bg2 Bd6 18. Ne4 Nd5 19. Bf2 Nde7 20. Re2 f5 21. Ng5
Ng6 22. Bxc6 Qxc6 23. Rxe8+ Rxe8 24. Qb3+ c4 25. Qxc4+ Qxc4 26. dxc4 h6 27. Nf3
Re2 28. Rd1 Bc5 29. Bxc5 bxc5 30. Rd2 Rxd2 31. Nxd2 Nf8 32. b4 Nd7 33. Nb3 Kf7
34. Kf2 Ke7 35. Ke3 Kd6 36. bxc5+ Nxc5 37. Nd4 g6 38. Nb5+ Kd7 39. Nxa7 Ne4 40.
g4 Nxc3 41. gxf5 gxf5 42. Kd4 Ne2+ 43. Ke5 Ng3 44. Nb5 Kc6 45. Nd4+ 1-0

[Event "Druzynowe Mistrzostwa Polski Juniorow - II Liga"]
[Site "Iwonicz"]
[Date "2016-07-31"]
[Round "4.22"]
[White "Binek, Dawid"]
[Black "Klimkowski, Jan"]
[Result "1-0"]
[WhiteTitle "II"]
[BlackTitle "II"]
[WhiteElo "1288"]
[BlackElo "1443"]

1. Nf3 c5 2. c3 Nf6 3. d4 cxd4 4. cxd4 d5 5. g3 Nc6 6. Bg2 g6 7. O-O Bg7 8. e3
O-O 9. Nc3 Re8 10. a3 e6 11. b4 Bd7 12. Bb2 Rc8 13. Rc1 Qb6 14. Na4 Qb5 15. Nc3
Qb6 16. Na4 Qd8 17. Nc5 b6 18. Nd3 Ne4 19. Nd2 f5 20. Nxe4 dxe4 21. Nf4 e5 22.
dxe5 Nxe5 23. Bxe5 Bxe5 24. Qd5+ Kh8 25. Rcd1 Bc6 26. Qb3 Qf6 27. b5 Bxf4 28.
gxf4 Ba8 29. Rd7 Re7 30. Rfd1 Rxd7 31. Rxd7 Rc1+ 32. Bf1 Qh4 33. Qb2+ Kg8 34.
Qg7# 1-0

[Event "Druzynowe Mistrzostwa Polski Juniorow - II Liga"]
[Site "Iwonicz"]
[Date "2016-07-31"]
[Round "4.23"]
[White "Dwilewicz, Katarzyna"]
[Black "Knapik, Julia"]
[Result "1-0"]
[WhiteTitle "I++"]
[BlackTitle "I+"]
[WhiteElo "1786"]
[BlackElo "1627"]

1. e4 g6 2. Nf3 Bg7 3. Bc4 c6 4. Nc3 d5 5. exd5 b5 6. Bb3 b4 7. Ne4 cxd5 8. Nc5
Nf6 9. d4 Nbd7 10. Nd3 a5 11. a3 bxa3 12. Rxa3 O-O 13. O-O e6 14. Bd2 Ne4 15.
Bb4 Re8 16. Qa1 Bf8 17. Rxa5 Rxa5 18. Qxa5 Qf6 19. Bxf8 Nxf8 20. Nfe5 h5 21. f3
Nd6 22. Ba4 Re7 23. Qd8 Nf5 24. Qxc8 Kg7 25. c3 Ra7 26. Nc5 Qg5 27. f4 Qh4 28.
Qb8 Rxa4 29. Nxa4 Ne3 30. Qe8 1-0

[Event "Druzynowe Mistrzostwa Polski Juniorow - II Liga"]
[Site "Iwonicz"]
[Date "2016-07-31"]
[Round "4.24"]
[White "Bienek, Magdalena"]
[Black "Waligora, Julia"]
[Result "0-1"]
[WhiteTitle "II"]
[BlackTitle "I"]
[WhiteElo "1071"]
[BlackElo "1349"]

1. c4 e5 2. Nc3 Nf6 3. Nf3 Nc6 4. d4 exd4 5. Nxd4 Nxd4 6. Qxd4 d6 7. Bg5 Be7 8.
e3 Be6 9. Be2 O-O 10. O-O d5 11. c5 c6 12. b4 Nd7 13. Bxe7 Qxe7 14. e4 Nf6 15.
e5 Nd7 16. f4 f6 17. Qe3 fxe5 18. fxe5 Bf5 19. g4 Bg6 20. e6 Rae8 21. Qg3 Qxe6
22. Qc7 Qe3+ 23. Kg2 Qxc3 24. Qxd7 Rxe2+ 25. Kg1 Qe3+ 26. Kh1 Be4+ 27. Rf3 Bxf3#
0-1

[Event "Druzynowe Mistrzostwa Polski Juniorow - II Liga"]
[Site "Iwonicz"]
[Date "2016-07-31"]
[Round "4.25"]
[White "Klepek, Witold"]
[Black "Adamczewski, Maciej"]
[Result "0-1"]
[WhiteTitle "k"]
[BlackTitle "I++"]
[WhiteElo "2139"]
[BlackElo "1979"]

1. e4 e6 2. d4 d5 3. Nd2 a6 4. Ngf3 c5 5. exd5 exd5 6. Be2 Nf6 7. O-O Be7 8. dxc5
Bxc5 9. Nb3 Bb6 10. Bg5 O-O 11. c3 Re8 12. Re1 Be6 13. Nfd4 h6 14. Bh4 Nc6 15.
Bf3 g5 16. Bg3 Bd7 17. Qd3 Ne4 18. Bxe4 dxe4 19. Rxe4 Rxe4 20. Qxe4 Qf6 21. Qf3
Qxf3 22. Nxf3 Bg4 23. Ne5 Nxe5 24. Bxe5 Be6 25. Bd4 Bxb3 26. axb3 Bxd4 27. cxd4
Rc8 28. Rd1 Kf8 29. g3 Rc2 30. Kg2 Ke7 31. Kf3 Rxb2 32. Rd3 f5 33. h4 Kd6 34.
hxg5 hxg5 35. Rc3 b6 36. Ke3 Kd5 37. Rd3 Rc2 38. Kf3 b5 39. Ke3 b4 40. Kf3 a5
41. Ke3 g4 42. Rd1 Rb2 43. Rd3 Ra2 44. Rd1 Ra3 45. Rd3 a4 46. bxa4 0-1

[Event "Druzynowe Mistrzostwa Polski Juniorow - II Liga"]
[Site "Iwonicz"]
[Date "2016-07-31"]
[Round "4.26"]
[White "Janiszewski, Filip"]
[Black "Piela, Dominik"]
[Result "1-0"]
[WhiteTitle "I+"]
[BlackTitle "I"]
[WhiteElo "1996"]
[BlackElo "1656"]

1. e4 e6 2. d4 d5 3. Nd2 c5 4. Ngf3 dxe4 5. Nxe4 cxd4 6. Qxd4 Qxd4 7. Nxd4 Bd7
8. Bf4 a6 9. O-O-O Nc6 10. Nb3 O-O-O 11. Nbc5 Bxc5 12. Nxc5 e5 13. Be3 Bf5 14.
Bc4 f6 15. f3 h5 16. Ne6 Rxd1+ 17. Rxd1 g6 18. Bb6 Nge7 19. Rd6 e4 20. fxe4 Bxe4
21. Nc5 Bf5 22. Rxf6 Ne5 23. Bb3 Nd7 24. Nxd7 Bxd7 25. Bc5 Nf5 26. Rxg6 Re8 27.
Rg8 Rxg8 28. Bxg8 Nh4 29. Bd5 Bc6 30. Bxc6 bxc6 31. g3 Nf3 32. h4 Kd7 33. Kd1
Ke6 34. Ke2 Ne5 35. Bd4 Ng6 36. Ke3 Kf5 37. Kf3 Nf8 38. c3 Ne6 39. b4 Nc7 40.
c4 Ne8 41. Bc5 Nf6 42. a4 Ne4 43. Kg2 Nc3 44. a5 Kg4 45. Bf2 Na2 46. b5 1-0

[Event "Druzynowe Mistrzostwa Polski Juniorow - II Liga"]
[Site "Iwonicz"]
[Date "2016-07-31"]
[Round "4.27"]
[White "Kozubek, Krystian"]
[Black "Skurniak, Szymon"]
[Result "0-1"]
[WhiteTitle "II"]
[BlackTitle "I"]
[WhiteElo "1136"]
[BlackElo "1603"]

1. e4 c5 2. c3 d5 3. exd5 Qxd5 4. d4 Nf6 5. Nf3 Bg4 6. Be2 e6 7. Be3 cxd4 8. Qxd4
Nc6 9. Qd2 Be7 10. O-O O-O 11. h3 Bh5 12. Re1 Rfd8 13. Nd4 Bxe2 14. Qxe2 Ne5 15.
Nd2 Rac8 16. N2f3 Nc4 17. Nb3 Nxe3 18. Qxe3 b6 19. Qe2 Qb7 20. Rad1 Bd6 21. Rd3
Nd5 22. Qe4 Qc7 23. Red1 h6 24. Rd4 Bc5 25. Nxc5 bxc5 26. R4d2 c4 27. Rd4 Qb6
28. Qe2 Qb5 29. g3 a5 30. Ne5 a4 31. a3 Rc7 32. R1d2 Rdc8 33. Rc2 Rc5 34. Rcd2
Nxc3 35. Rd8+ Rxd8 36. Rxd8+ Kh7 37. Qc2+ f5 38. Qxc3 Rxe5 39. Rc8 Qd5 40. Qc1
Re4 41. Rc7 Qe5 42. Rxc4 Re1+ 43. Qxe1 Qxe1+ 44. Kg2 Qd1 45. Rb4 Kg6 46. h4 Kf6
47. Rf4 Ke5 48. Rb4 Kd5 49. Rf4 Qb3 50. Rb4 Qxb4 51. axb4 Kc4 52. Kf3 Kxb4 53.
Ke3 Kb3 54. Kd2 Kxb2 55. f4 a3 56. Ke3 a2 57. Kf3 a1=Q 0-1

[Event "Druzynowe Mistrzostwa Polski Juniorow - II Liga"]
[Site "Iwonicz"]
[Date "2016-07-31"]
[Round "4.28"]
[White "Ochedzan, Tymon"]
[Black "Gradalski, Olaf"]
[Result "1-0"]
[WhiteTitle "II+"]
[BlackTitle "II"]
[WhiteElo "1636"]
[BlackElo "1144"]

1. e4 d5 2. exd5 Qxd5 3. Nc3 Qd6 4. d4 Nf6 5. Nf3 a6 6. g3 Bg4 7. Bg2 Nc6 8. O-O
O-O-O 9. d5 Nb4 10. Bf4 Qc5 11. h3 Bh5 12. g4 Bg6 13. Nd4 Nbxd5 14. Nb3 Qc4 15.
Bg3 e6 16. Qf3 Bc5 17. Nxc5 Qxc5 18. g5 Ng8 19. Nxd5 exd5 20. c4 Ne7 21. cxd5
Qxd5 22. Qc3 Qd7 23. Rad1 Nd5 24. Rxd5 Qe7 25. Bxc7 1-0

[Event "Druzynowe Mistrzostwa Polski Juniorow - II Liga"]
[Site "Iwonicz"]
[Date "2016-07-31"]
[Round "4.29"]
[White "Gredka, Dominika"]
[Black "Wawrzyniak, Weronika"]
[Result "1-0"]
[WhiteTitle "I++"]
[BlackTitle "I"]
[WhiteElo "1687"]
[BlackElo "1322"]

1. e4 e6 2. d4 d5 3. Nc3 Nf6 4. Bd3 Be7 5. e5 Nfd7 6. Qg4 g6 7. Bh6 Bf8 8. Bxf8
Kxf8 9. Nf3 Kg7 10. Ng5 h6 11. Nf3 a6 12. O-O c5 13. Rfe1 Nc6 14. dxc5 Nxc5 15.
Ne2 Nxd3 16. cxd3 h5 17. Qg3 Ne7 18. Nh4 Nf5 19. Nxf5+ exf5 20. Nf4 Be6 21. b3
Rc8 22. Rec1 Rc7 23. h4 Qc8 24. Rxc7 Qxc7 25. d4 Kh7 26. Rd1 Rc8 27. Qf3 Kh6 28.
Nxd5 Bxd5 29. Qxd5 Rd8 30. Qf3 Qe7 31. Qf4+ Kg7 32. d5 Qc5 33. Qd4 Qxd4 34. Rxd4
Kf8 35. f4 Ke7 36. Kf2 b5 37. Ke2 Rc8 38. Kd2 a5 39. a4 bxa4 40. Rxa4 Rc5 41.
Rd4 Kd7 42. g3 Ke7 43. d6+ Kd7 44. Rc4 Rb5 45. Rc7+ Ke8 46. Kc2 Rd5 47. Re7+ Kf8
48. Rb7 Ke8 49. b4 axb4 50. Rxb4 Ra5 51. Kc3 Ra1 52. Kc4 Kd7 53. Rb7+ Ke8 54.
Re7+ Kf8 55. e6 fxe6 56. Rxe6 Kf7 57. Re7+ Kf6 58. Re3 Rc1+ 59. Kd5 Rd1+ 60. Kc6
Rc1+ 61. Kd7 Rd1 62. Kc7 Rc1+ 63. Kd8 Ra1 64. d7 Ra2 65. Ke8 Ra8+ 66. d8=Q+ Rxd8+
67. Kxd8 Kf7 68. Kd7 g5 69. hxg5 h4 70. gxh4 Kg6 71. Ke6 Kh5 72. Kxf5 Kxh4 73.
g6 Kh5 74. Rh3# 1-0

[Event "Druzynowe Mistrzostwa Polski Juniorow - II Liga"]
[Site "Iwonicz"]
[Date "2016-07-31"]
[Round "4.30"]
[White "Barwinska, Ewa"]
[Black "Orlik, Sandra"]
[Result "1-0"]
[WhiteTitle "II+"]
[BlackTitle "I"]
[WhiteElo "1239"]
[BlackElo "1519"]

1. e4 c5 2. Nf3 e6 3. d4 cxd4 4. Nxd4 a6 5. Bd3 Bc5 6. Be3 Qb6 7. c3 Qxb2 8. Nd2
Qxc3 9. Rc1 Qxd3 10. Rxc5 Nc6 11. Nxc6 dxc6 12. Rg5 g6 13. Rg3 Qd6 14. O-O Ne7
15. f4 b5 16. Qa1 Rg8 17. Qf6 Qc7 18. Bc5 Bb7 19. f5 O-O-O 20. Nb3 Rde8 21. fxe6
fxe6 22. Rd1 Nd5 23. exd5 cxd5 24. Rc1 Kb8 25. Ba7+ 1-0

[Event "Druzynowe Mistrzostwa Polski Juniorow - II Liga"]
[Site "Iwonicz"]
[Date "2016-07-31"]
[Round "4.31"]
[White "Krawiec, Grzegorz"]
[Black "Brozyna, Mateusz"]
[Result "0-1"]
[WhiteTitle "I"]
[BlackTitle "I"]
[WhiteElo "1791"]
[BlackElo "1831"]

1. e4 e6 2. Nf3 d5 3. Nc3 Nf6 4. e5 Nfd7 5. d4 c5 6. dxc5 Nc6 7. Bf4 Bxc5 8. Bd3
f6 9. exf6 Nxf6 10. O-O O-O 11. Ne5 g6 12. Qe2 Nh5 13. Bh6 Nf4 14. Qe1 Qh4 15.
Bxf8 Qg5 16. Be4 dxe4 17. Qxe4 Bxf8 18. Nd3 e5 19. Nxf4 exf4 20. Qd5+ Qxd5 21.
Nxd5 Bf5 22. c3 g5 23. Rad1 Kf7 24. Nc7 Rc8 25. Nb5 Re8 26. Rfe1 Rxe1+ 27. Rxe1
a6 28. Nc7 Bd6 29. Nd5 Ne5 30. b3 Nd3 31. Re2 b5 32. c4 b4 33. Rd2 Bc5 34. Kf1
a5 35. Nc7 Ke7 36. h3 Kd6 37. Nb5+ Kc6 38. Ke2 Nxf2 39. Rd5 Bb1 40. Rxg5 Ne4 41.
Rg7 Nc3+ 42. Kf3 Nxb5 0-1

[Event "Druzynowe Mistrzostwa Polski Juniorow - II Liga"]
[Site "Iwonicz"]
[Date "2016-07-31"]
[Round "4.32"]
[White "Piwowarczyk, Arkadiusz"]
[Black "Karykowska, Anna"]
[Result "1-0"]
[WhiteTitle "II"]
[BlackTitle "I++"]
[WhiteElo "1568"]
[BlackElo "1818"]

1. d4 Nf6 2. Nf3 e6 3. Bg5 d5 4. e3 Nbd7 5. Bd3 Bd6 6. Nbd2 c5 7. c3 O-O 8. O-O
Qb6 9. Rb1 Ne8 10. e4 h6 11. Bh4 cxd4 12. cxd4 dxe4 13. Nxe4 f5 14. Nxd6 Qxd6
15. h3 f4 16. Bg6 Nc7 17. Re1 b6 18. Ne5 Nxe5 19. dxe5 Qxd1 20. Rbxd1 Nd5 21.
Rxd5 exd5 22. Be7 Be6 23. Bxf8 Kxf8 24. Kf1 Ke7 25. Rd1 Rd8 26. Rd4 f3 27. h4
fxg2+ 28. Kxg2 Bf7 29. Bxf7 Kxf7 30. f4 Ke6 31. Kf3 Kf5 32. Rd1 g5 33. fxg5 hxg5
34. hxg5 Kxe5 35. Ke3 Rg8 36. Rg1 Rg6 37. Kd3 a6 38. a3 b5 39. b3 a5 40. Rg2 Rg8
41. g6 Kf6 42. g7 Kf7 43. Kd4 a4 44. b4 Ke6 45. Rg1 Kf7 46. Kxd5 Rd8+ 47. Kc5
Kg8 48. Kxb5 Ra8 49. Rg3 Ra7 50. Kb6 Ra8 51. b5 1-0

[Event "Druzynowe Mistrzostwa Polski Juniorow - II Liga"]
[Site "Iwonicz"]
[Date "2016-07-31"]
[Round "4.33"]
[White "Fiedorek, Michal"]
[Black "Suder, Jakub"]
[Result "1/2-1/2"]
[WhiteTitle "I"]
[BlackTitle "I"]
[WhiteElo "1756"]
[BlackElo "1751"]

1. e4 e6 2. Nf3 d5 3. Nc3 Nf6 4. e5 Nfd7 5. d4 c5 6. Bg5 Qb6 7. dxc5 Bxc5 8. Qd2
h6 9. Bh4 Bb4 10. a3 Qa5 11. Be2 Nc6 12. O-O Bxc3 13. bxc3 Ndxe5 14. Nxe5 Nxe5
15. Qd4 f6 16. Bh5+ Kf8 17. Rfe1 Nc6 18. Qf4 Qd8 19. Bg6 e5 20. Qg3 Be6 21. f4
e4 22. c4 Nd4 23. Qc3 Nf5 24. Bxf5 Bxf5 25. Qb4+ Qe7 26. cxd5 Qxb4 27. axb4 Ke7
28. c4 Rhc8 29. c5 a5 30. g4 Bxg4 31. Rxe4+ Kd8 32. Rae1 Bh5 33. Bf2 axb4 34.
Rxb4 Rc7 35. c6 bxc6 36. Bb6 cxd5 37. Rc1 Rac8 38. Rb5 Kd7 39. Rxc7+ Rxc7 40.
Bxc7 Kxc7 41. Rxd5 Bf7 42. Rd2 Be6 43. Kf2 Bd7 44. Kg3 Kd8 45. f5 Ke7 46. Kf4
Bc6 47. Ra2 Bd5 48. Ra7+ Kf8 49. Ke3 Bg2 50. Kd4 Bh3 51. Ke4 Bg2+ 52. Kf4 Bc6
53. Kg4 Be4 54. Ra4 Bb7 55. Ra7 Bd5 56. Kf4 Bc6 57. Ke3 Bg2 58. Kd4 Bh3 59. Ra5
Ke7 60. Ra7+ Kf8 61. Ke4 Bg2+ 62. Kf4 Bc6 63. Rc7 Bd5 64. Ke3 Bg2 65. Kd4 Bh3
66. Ke4 Bg2+ 67. Kf4 Bd5 68. Rd7 Bc6 69. Ra7 Bd5 70. Rd7 Be4 1/2-1/2

[Event "Druzynowe Mistrzostwa Polski Juniorow - II Liga"]
[Site "Iwonicz"]
[Date "2016-07-31"]
[Round "4.34"]
[White "Piwowarczyk, Bartlomiej"]
[Black "Lewandowski, Wiktor"]
[Result "1/2-1/2"]
[WhiteTitle "II+"]
[BlackTitle "II"]
[WhiteElo "1425"]
[BlackElo "1406"]

1. e4 c5 2. Nf3 Nc6 3. d4 cxd4 4. Nxd4 e5 5. Nf3 Nf6 6. Nc3 Bb4 7. Bc4 O-O 8. Bg5
d6 9. O-O Be6 10. Bb5 a6 11. Bxc6 bxc6 12. a3 Bxc3 13. bxc3 Bg4 14. Qd3 h6 15.
Bh4 Qe7 16. Rfe1 Rfd8 17. Rab1 d5 18. exd5 Rxd5 19. Qe3 Bxf3 20. Qxf3 g5 21. Bg3
e4 22. Qe3 Qxa3 23. h4 Qc5 24. Qxc5 Rxc5 25. Bd6 Rc4 26. Rb4 Rxb4 27. cxb4 Re8
28. Ra1 Ra8 29. c4 gxh4 30. Be7 Nd7 31. Re1 f5 1/2-1/2

[Event "Druzynowe Mistrzostwa Polski Juniorow - II Liga"]
[Site "Iwonicz"]
[Date "2016-07-31"]
[Round "4.35"]
[White "Maciak, Gabriela"]
[Black "Kasperek, Kinga"]
[Result "1/2-1/2"]
[WhiteTitle "I"]
[BlackTitle "I"]
[WhiteElo "1492"]
[BlackElo "1585"]

1. e4 c5 2. Nf3 e6 3. d4 cxd4 4. Nxd4 Nf6 5. Nc3 d6 6. h3 Be7 7. Be2 O-O 8. O-O
Nc6 9. Be3 Bd7 10. Ndb5 d5 11. exd5 exd5 12. Nxd5 Nxd5 13. Qxd5 Nb4 14. Qd2 Bxb5
15. Bxb5 Qxd2 16. Bxd2 Nxc2 17. Rac1 Nd4 18. Bc4 Rad8 19. Rfe1 Rfe8 20. Bc3 Bf6
21. Rxe8+ Rxe8 22. Kf1 g6 23. Re1 Rd8 24. Re4 Kg7 25. b3 Rd7 26. Re8 b6 27. Bb4
h6 28. Rc8 Be5 29. Bf8+ Kh7 30. Re8 Bf6 31. Ke1 b5 1/2-1/2